000 00942nam0a22002411 4500
001 rc\2192970
005 20260406193234.0
035 _a(NLR Aleph) 006484936
090 _a6072320
_c6072320
100 _a20110829d1978 |||y0rusy50 ca
101 0 _arus
102 _aRU
105 _ay c |||||
200 1 _aМетодические рекомендации и указания по организации медикаментозного снабжения
_fАптеч. упр. Свердл. облисполкома, Свердл. науч. о-во формацевтов
210 _aСвердловск
_cБ. и.
_d1978
215 _a38 с.
_d20
320 _aБиблиогр.: с. 37
712 0 2 _aСвердловское областное аптечное управление
_9407966
_3RU\NLR\AUTH\889955925
801 0 _aRU
_bNLR
_gpsbo
801 1 _aRU
_bELAR
_2rusmarc
852 _aNLR
_j78-4/28464
942 _cBOOK
980 _aNB